00925cam a2200229 a 450000100100000000500170001000800410002704000290006808200210009710000440011824500440016226000750020630000170028150501140029850000450041265000360045765000370049391000290053004900090055995201120056899900150068000000633420200929153922.0851216s1984 pr 000 0 spa  aDO-SdBNPbspacLCdBNPHU aPR861.4bL792ó1 aLlorens Torres, Luis,d1876-1944.9423410aObras completas /cLuis Llorens Torres. aSan Juan, Puerto Rico :bInstituto de Cultura Puertorriqueña,c1984. av. ;c23 cm.1 aVol. 1 Poesía : Al pie de la Alhambra. Sonetos sinfonicos. Voces de la campana mayor. Alturas de América. ala biblioteca sólo posee el volumen 1. 4aPoesía puertorriqueña91015 4aLiteratura puertorriqueña9250 aCatalogación derivada. aBNGR 001052708MOaGRbGRcCTd2009-08-27iLF1l0ov.1p6334-10r2020-06-25w2020-06-25y2ZPréstamo interno c6129d6129